[Event "VII Lorca Open 2018"]
[Site "Lorca"]
[Date "2018.12.28"]
[Round "4"]
[White "Morozov, Nichita"]
[Black "Guerra Rivera, Salvador"]
[Result "1/2-1/2"]
[WhiteElo "2439"]
[BlackElo "2343"]
[Annotator "TA"]
[PlyCount "29"]
[EventDate "2018.12.26"]
[EventType "swiss"]
[EventCountry "ESP"]
[SourceTitle "playchess.com"]
[Source "ChessBase"]
[SourceQuality "1"]

{[%evp 15,29,44,35,2,21,18,10,0,66,62,54,-9,-24,-115,0,0]} 1. d4 e6 2. c4 Nf6 3. Nc3 Bb4 4. g3 O-O 5. Bg2 d6 6. Nf3 {E20: Nimzo-Indian: 4 g3 and 4 f3} (6. Qb3 c5 7. Nf3 Nc6 8. dxc5 Bxc5 9. O-O h6 10. Rd1 e5 11. Qc2 Qe7 12. Nh4 Nd4 13. Qd2 Bg4 {1-0 (55) Artemiev,V (2697)-Morozevich,A (2665) Moscow 2018}) 6... Nbd7 7. Qc2 e5 8. O-O Re8 {LiveBook: 5 Games} 9. Nd5 Nxd5 10. cxd5 {Strongly threatening Qa4.} exd4 11. Nxd4 $146 ({Predecessor:} 11. a3 Bc5 12. b4 Bb6 13. Bb2 Ne5 14. Nxd4 {½-½ (48) Ippolito,D (2414)-Dehmelt,K (2246) Philadelphia 2015}) 11... Nf6 (11... Bc5 $11 12. e3 Ne5) 12. Nb3 $14 a5 $1 {[%cal Ba7a5,Ba5a4][%mdl 32]} 13. Be3 (13. a3 $14 a4 14. Qc4 axb3 15. Qxb4) 13... a4 $1 $11 {[%cal Ra4b3]} 14. Nc1 {[#]} (14. Qc4 $11) 14... b6 (14... Rxe3 $1 $17 {[%mdl 512]} 15. fxe3 Bc5) 15. Nd3 1/2-1/2

[Event "VII Lorca Open 2018"]
[Site "Lorca"]
[Date "2018.12.28"]
[Round "4"]
[White "Solozhenkin, Evgeniy"]
[Black "Redondo Benavente, Ana"]
[Result "1-0"]
[WhiteElo "2427"]
[BlackElo "2140"]
[Annotator "ChessBase"]
[PlyCount "49"]
[EventDate "2018.12.26"]
[EventType "swiss"]
[EventCountry "ESP"]
[SourceTitle "playchess.com"]
[Source "ChessBase"]
[SourceQuality "1"]
[TimeControl "5400+30"]

1. d4 {[%emt 0:00:00]} d5 {[%emt 0:01:53]} 2. Nf3 {[%emt 0:00:00]} e6 {[%emt 0:00:23]} 3. c4 {[%emt 0:00:00]} a6 {[%emt 0:00:13]} 4. Bg5 {[%emt 0:00:28]} Be7 {[%emt 0:00:39]} 5. Bxe7 {[%emt 0:00:07]} Qxe7 {[%emt 0:00:47]} 6. Nbd2 {[%emt 0:00:49]} Nf6 {[%emt 0:00:24]} 7. e3 {[%emt 0:08:58]} O-O {[%emt 0:03:38]} 8. Bd3 {[%emt 0:05:01]} c5 {[%emt 0:09:25]} 9. dxc5 {[%emt 0:00:41]} Qxc5 {[%emt 0:03:00]} 10. O-O {[%emt 0:00:40]} Nc6 {[%emt 0:00:51]} 11. Rc1 {[%emt 0:01:41]} Qe7 {[%emt 0:04:08]} 12. cxd5 {[%emt 0:05:53]} Nxd5 {[%emt 0:03:49]} 13. Be4 {[%emt 0:01:35]} Rd8 {[%emt 0:03:46]} 14. a3 {[%emt 0:14:43]} e5 {[%emt 0:09:39]} 15. Qc2 {[%emt 0:02:54]} g6 {[%emt 0:25:23]} 16. Nc4 {[%emt 0:00:30]} Be6 {[%emt 0:04:37]} 17. Ncxe5 {[%emt 0:04:41]} Nxe5 {[%emt 0:04:36]} 18. Nxe5 {[%emt 0:00:05]} Rac8 {[%emt 0:00:53]} 19. Qe2 {[%emt 0:02:24]} Rxc1 {[%emt 0:01:36]} 20. Rxc1 {[%emt 0:00:04]} Bg4 {[%emt 0:02:35]} 21. Qxg4 {[%emt 0:07:37]} Qxe5 {[%emt 0:00:27]} 22. Rd1 {[%emt 0:00:18]} f5 {[%emt 0:06:54]} 23. Bxd5+ {[%emt 0:00:12]} Kg7 {[%emt 0:01:34]} 24. Qd4 {[%emt 0:00:13]} Rxd5 {[%emt 0:02:01]} 25. Qxd5 {[%emt 0:00:06]} 1-0

[Event "VII Lorca Open 2018"]
[Site "Lorca"]
[Date "2018.12.28"]
[Round "4"]
[White "Arjun Kalyan"]
[Black "Nasuta, Grzegorz"]
[Result "1/2-1/2"]
[WhiteElo "2406"]
[BlackElo "2530"]
[Annotator "TA"]
[PlyCount "40"]
[EventDate "2018.12.26"]
[EventType "swiss"]
[EventCountry "ESP"]
[SourceTitle "playchess.com"]
[Source "ChessBase"]
[SourceQuality "1"]

{[%evp 27,40,27,33,27,38,39,30,36,49,10,10,4,7,5,7]} 1. e4 e5 2. Nf3 Nc6 3. Bb5 a6 4. Ba4 Nf6 5. O-O Be7 6. Re1 b5 7. Bb3 d6 8. c3 O-O 9. h3 a5 10. a4 b4 11. d4 bxc3 12. bxc3 exd4 {C92: Closed Ruy Lopez: 9...Be6, Karpov and Flohr-Zaitsev Variations} 13. Nxd4 (13. cxd4 d5 14. Ne5 Nb4 15. exd5 Bb7 16. Nc3 Nbxd5 17. Nxd5 Bxd5 18. Bc2 Re8 19. Qd3 g6 20. Bg5 Nh5 21. Bd2 Bb4 22. Bxb4 axb4 23. g3 Qd6 24. a5 Qa6 25. Qxa6 Rxa6 26. Reb1 {½-½ (26) Saric,I (2586)-Stevic,H (2614) Otocac 2010}) 13... Nxd4 14. cxd4 d5 {LiveBook: 4 Games. White has an edge.} 15. exd5 Bb7 16. Nc3 Bb4 17. Bd2 Nxd5 $146 ({Predecessor:} 17... Bxc3 18. Bxc3 Nxd5 19. Qd2 Ra6 20. Bxd5 Qxd5 21. f3 {½-½ (21) Nedeljkovic,S-Keres,P Leningrad (Russia) 1957}) 18. Nxd5 Bxd5 {The position is equal.} 19. Bxb4 axb4 20. Rc1 Bxb3 1/2-1/2

[Event "VII Lorca Open 2018"]
[Site "Lorca"]
[Date "2018.12.28"]
[Round "4"]
[White "Suarez Uriel, Adrian"]
[Black "Silva Lucena, Cristian"]
[Result "1-0"]
[WhiteElo "2386"]
[BlackElo "2197"]
[Annotator "NA"]
[PlyCount "69"]
[EventDate "2018.12.26"]
[EventType "swiss"]
[EventCountry "ESP"]
[SourceTitle "playchess.com"]
[Source "ChessBase"]
[SourceQuality "1"]
[TimeControl "5400+30"]

1. e4 {[%emt 0:03:29]} c5 {[%emt 0:00:00]} 2. Nf3 {[%emt 0:00:04]} e6 {[%emt 0:00:00]} 3. d4 {[%emt 0:00:08]} cxd4 {[%emt 0:00:00]} 4. Nxd4 {[%emt 0:00:04]} Nf6 {[%emt 0:00:03]} 5. Nc3 {[%emt 0:00:04]} Nc6 {[%emt 0:00:06]} 6. a3 {[%emt 0:00:26]} Qc7 {[%emt 0:00:10]} 7. Be3 {[%emt 0:02:07]} a6 {[%emt 0:00:31]} 8. Be2 {[%emt 0:00:17]} Be7 {[%emt 0:00:21]} 9. O-O {[%emt 0:00:11]} O-O {[%emt 0:00:17]} 10. f4 {[%emt 0:00:03]} d6 {[%emt 0:00:11]} 11. Kh1 {[%emt 0:01:25]} Nxd4 {[%emt 0:04:16]} 12. Qxd4 {[%emt 0:00:45]} e5 {[%emt 0:02:23]} 13. Qd2 {[%emt 0:00:03]} Be6 {[%emt 0:01:48]} 14. f5 {[%emt 0:09:05]} Bd7 {[%emt 0:06:56]} 15. g4 {[%emt 0:01:01]} Bc6 {[%emt 0:00:11]} 16. Bf3 {[%emt 0:00:01]} Nd7 {[%emt 0:00:39]} 17. g5 {[%emt 0:00:30]} f6 {[%emt 0:01:29]} 18. g6 {[%emt 0:01:07]} hxg6 {[%emt 0:05:12]} 19. fxg6 {[%emt 0:00:07]} f5 {[%emt 0:01:06]} 20. exf5 {[%emt 0:00:15]} Bxf3+ {[%emt 0:01:44]} 21. Rxf3 {[%emt 0:00:05]} Qc6 {[%emt 0:00:17]} 22. Qd5+ {[%emt 0:06:16]} Qxd5 {[%emt 0:00:19]} 23. Nxd5 {[%emt 0:00:01]} Bf6 {[%emt 0:00:55]} 24. Rd1 {[%emt 0:01:18]} e4 {[%emt 0:00:11]} 25. Rf4 {[%emt 0:00:13]} Rac8 {[%emt 0:00:57]} 26. c3 {[%emt 0:00:57]} Ne5 {[%emt 0:02:03]} 27. Rxe4 {[%emt 0:00:29]} Bd8 {[%emt 0:00:15]} 28. Rf1 {[%emt 0:00:38]} b5 {[%emt 0:00:19]} 29. h4 {[%emt 0:01:41]} Rc4 {[%emt 0:00:06]} 30. Rxc4 {[%emt 0:01:35]} Nxc4 {[%emt 0:00:05]} 31. Bg5 {[%emt 0:00:37]} Nxb2 {[%emt 0:00:51]} 32. Bxd8 {[%emt 0:01:22]} Rxd8 {[%emt 0:00:03]} 33. h5 {[%emt 0:00:08]} Nc4 {[%emt 0:00:31]} 34. f6 {[%emt 0:00:29]} gxf6 {[%emt 0:00:27]} 35. h6 {[%emt 0:00:04]} 1-0

[Event "VII Lorca Open 2018"]
[Site "Lorca"]
[Date "2018.12.28"]
[Round "4"]
[White "Low, Zhen Yu Cyrus"]
[Black "Romero Romero, Sebastian"]
[Result "1-0"]
[WhiteElo "2384"]
[BlackElo "2180"]
[Annotator "NA"]
[PlyCount "69"]
[EventDate "2018.12.26"]
[EventType "swiss"]
[EventCountry "ESP"]
[SourceTitle "playchess.com"]
[Source "ChessBase"]
[SourceQuality "1"]
[TimeControl "5400+30"]

1. e4 {[%emt 0:00:00]} c5 {[%emt 0:00:18]} 2. Nf3 {[%emt 0:00:00]} Nc6 {[%emt 0:00:07]} 3. d4 {[%emt 0:00:00]} cxd4 {[%emt 0:00:07]} 4. Nxd4 {[%emt 0:00:00]} Nf6 {[%emt 0:00:07]} 5. Nc3 {[%emt 0:00:00]} e5 {[%emt 0:00:15] LiveBook: 15380 Games} 6. Ndb5 {[%emt 0:00:05]} d6 {[%emt 0:00:27]} 7. Bg5 {[%emt 0:00:07]} a6 {[%emt 0:00:16]} 8. Na3 {[%emt 0:00:06]} b5 {[%emt 0:00:14]} 9. Bxf6 {[%emt 0:00:06]} gxf6 {[%emt 0:00:21]} 10. Nd5 {[%emt 0:00:05]} Bg7 {[%emt 0:00:35]} 11. c3 {[%emt 0:00:34]} Ne7 {[%emt 0:02:26]} 12. Nc2 {[%emt 0:01:34]} f5 {[%emt 0:07:50] B33: Sicilian: Pelikan and Sveshnikov Variations} 13. Nxe7 {[%emt 0:00:34]} Qxe7 {[%emt 0:02:30]} 14. a4 {[%emt 0:00:06]} Bb7 {[%emt 0:07:36]} 15. exf5 {[%emt 0:03:24]} O-O {[%emt 0:03:03]} 16. Ne3 {[%emt 0:03:56]} Rad8 $146 {[%emt 0:11:24]} ({Predecessor:} 16... b4 17. Bc4 bxc3 18. bxc3 Bh6 19. Qg4+ Kh8 20. Nd5 Qg5 21. Qxg5 Bxg5 22. O-O Bxd5 23. Bxd5 {½-½ (37) Guizar,C (2370)-Kostakiev,D (2498) ICCF email 2000}) 17. Nd5 {[%emt 0:08:06]} Qh4 {[%emt 0:00:50]} 18. axb5 {[%emt 0:00:10]} Qe4+ {[%emt 0:03:07]} 19. Ne3 {[%emt 0:00:18]} d5 {[%emt 0:04:06]} 20. Qg4 {[%emt 0:03:41]} Qxg4 {[%emt 0:02:39]} 21. Nxg4 {[%emt 0:00:06]} h5 {[%emt 0:02:03]} 22. f6 {[%emt 0:02:21]} ({Much less strong is} 22. bxa6 Bxa6 23. f6 (23. Bxa6 hxg4 24. Be2 Rb8 $16) 23... Bh8 24. Nxe5 (24. Bxa6 hxg4 25. Be2 Bxf6 $16) 24... Bxf6) 22... Bh8 {[%emt 0:00:02]} 23. bxa6 {[%emt 0:00:42]} Ba8 $2 {[%emt 0:04:01]} 24. Nxe5 {[%emt 0:01:27]} Rfe8 {[%emt 0:00:25]} 25. f4 {[%emt 0:00:03]} Bxf6 {[%emt 0:00:04]} 26. Bb5 {[%emt 0:03:26]} Re6 {[%emt 0:02:53]} 27. O-O-O {[%emt 0:01:55]} Be7 {[%emt 0:02:34]} 28. Rhe1 {[%emt 0:01:00]} Bc5 {[%emt 0:00:38]} 29. Kc2 {[%emt 0:04:21]} Rb6 {[%emt 0:01:54]} 30. Bd3 {[%emt 0:06:22]} f6 {[%emt 0:00:07] [#]} 31. Nd7 $1 {[%emt 0:00:47]} Rxd7 {[%emt 0:01:19]} 32. Re8+ {[%emt 0:00:06]} Kg7 {[%emt 0:00:20]} 33. Rxa8 {[%emt 0:00:07]} Re6 {[%emt 0:02:01]} 34. b4 {[%emt 0:03:09]} Bb6 $18 {[%emt 0:00:26]} 35. Bb5 {[%emt 0:01:13]} 1-0

[Event "VII Lorca Open 2018"]
[Site "Lorca"]
[Date "2018.12.28"]
[Round "4"]
[White "Serarols Mabras, Bernat"]
[Black "Martinez Fernandez, Adrian"]
[Result "1/2-1/2"]
[WhiteElo "2371"]
[BlackElo "2212"]
[Annotator "NA"]
[PlyCount "162"]
[EventDate "2018.12.26"]
[EventType "swiss"]
[EventCountry "ESP"]
[SourceTitle "playchess.com"]
[Source "ChessBase"]
[SourceQuality "1"]
[TimeControl "5400+30"]

1. d4 {[%emt 0:00:00]} Nf6 {[%emt 0:00:00]} 2. c4 {[%emt 0:00:00]} e6 {[%emt 0:00:00]} 3. Nc3 {[%emt 0:00:00]} Bb4 {[%emt 0:00:00]} 4. e3 {[%emt 0:00:00]} O-O {[%emt 0:00:15]} 5. Bd3 {[%emt 0:00:05]} d5 {[%emt 0:00:08]} 6. Nf3 {[%emt 0:00:20]} c5 {[%emt 0:00:37]} 7. O-O {[%emt 0:00:31]} dxc4 {[%emt 0:00:30]} 8. Bxc4 {[%emt 0:00:09]} cxd4 {[%emt 0:00:06]} 9. exd4 {[%emt 0:00:10]} b6 {[%emt 0:00:06]} 10. Re1 {[%emt 0:09:45]} Bb7 {[%emt 0:01:20]} 11. Bd3 {[%emt 0:05:35]} h6 {[%emt 0:12:46]} 12. a3 {[%emt 0:02:09]} Bxc3 {[%emt 0:01:33]} 13. bxc3 {[%emt 0:00:11]} Qc7 {[%emt 0:01:35]} 14. c4 {[%emt 0:08:11]} Nbd7 {[%emt 0:05:59]} 15. Qe2 {[%emt 0:09:00]} Rfd8 {[%emt 0:14:24]} 16. Bb2 {[%emt 0:11:46]} Ng4 {[%emt 0:05:17]} 17. h3 {[%emt 0:04:13]} Bxf3 {[%emt 0:01:09]} 18. Qxf3 {[%emt 0:01:09]} Qh2+ {[%emt 0:00:18]} 19. Kf1 {[%emt 0:00:04]} Ngf6 {[%emt 0:00:40]} 20. Qg3 {[%emt 0:09:14]} Qxg3 {[%emt 0:00:39]} 21. fxg3 {[%emt 0:00:14]} Rac8 {[%emt 0:06:33]} 22. Red1 {[%emt 0:07:33]} Nb8 {[%emt 0:03:46]} 23. a4 {[%emt 0:09:23]} Nc6 {[%emt 0:00:22]} 24. Bc3 {[%emt 0:00:58]} Kf8 {[%emt 0:04:29]} 25. d5 {[%emt 0:07:33]} exd5 {[%emt 0:03:51]} 26. Bf5 {[%emt 0:00:48]} Rb8 {[%emt 0:10:14]} 27. Bxf6 {[%emt 0:00:09]} gxf6 {[%emt 0:00:06]} 28. cxd5 {[%emt 0:00:24]} Ne7 {[%emt 0:00:23]} 29. Be4 {[%emt 0:00:31]} Rd6 {[%emt 0:00:06]} 30. Ra2 {[%emt 0:04:28]} Rc8 {[%emt 0:01:06]} 31. g4 {[%emt 0:01:19]} Rc4 {[%emt 0:03:10]} 32. Bf3 {[%emt 0:00:21]} f5 {[%emt 0:00:13]} 33. Kf2 {[%emt 0:03:31]} fxg4 {[%emt 0:00:32]} 34. hxg4 {[%emt 0:00:01]} Ng6 {[%emt 0:02:50]} 35. Rb1 {[%emt 0:01:14]} Ne5 {[%emt 0:01:05]} 36. a5 {[%emt 0:00:30]} Nxg4+ {[%emt 0:01:18]} 37. Kg3 {[%emt 0:00:44]} Ne5 {[%emt 0:02:36]} 38. axb6 {[%emt 0:00:19]} axb6 {[%emt 0:00:02]} 39. Ra6 {[%emt 0:01:19]} Nxf3 {[%emt 0:01:07]} 40. Kxf3 {[%emt 0:00:53]} Rxd5 {[%emt 0:00:27]} 41. Rbxb6 {[%emt 0:01:25]} Rf5+ {[%emt 0:00:15]} 42. Ke3 {[%emt 0:00:47]} Re5+ {[%emt 0:06:49]} 43. Kf3 {[%emt 0:00:19]} h5 {[%emt 0:00:39]} 44. Rb2 {[%emt 0:00:40]} Rf5+ {[%emt 0:00:14]} 45. Kg3 {[%emt 0:00:30]} Kg7 {[%emt 0:02:22]} 46. Raa2 {[%emt 0:00:33]} Rg5+ {[%emt 0:02:39]} 47. Kh2 {[%emt 0:00:25]} Rgc5 {[%emt 0:01:53]} 48. Rf2 {[%emt 0:00:22]} Rh4+ {[%emt 0:01:12]} 49. Kg1 {[%emt 0:01:07]} Rc7 {[%emt 0:02:09]} 50. Rf1 {[%emt 0:00:13]} f6 {[%emt 0:00:25]} 51. Raf2 {[%emt 0:00:06]} Rf7 {[%emt 0:00:16]} 52. Rf4 {[%emt 0:00:18]} Rg4 {[%emt 0:00:09]} 53. Kh2 {[%emt 0:00:12]} Kg6 {[%emt 0:00:12]} 54. Rxg4+ {[%emt 0:01:07]} hxg4 {[%emt 0:00:02]} 55. g3 {[%emt 0:00:18]} Ra7 {[%emt 0:00:07]} 56. Rf2 {[%emt 0:00:04]} Kg5 {[%emt 0:00:17]} 57. Kg2 {[%emt 0:00:19]} Ra3 {[%emt 0:00:05]} 58. Rb2 {[%emt 0:00:19]} f5 {[%emt 0:00:32]} 59. Rb6 {[%emt 0:00:47]} Ra2+ {[%emt 0:00:04]} 60. Kg1 {[%emt 0:00:02]} Ra7 {[%emt 0:01:26]} 61. Kg2 {[%emt 0:00:07]} Rf7 {[%emt 0:00:49]} 62. Ra6 {[%emt 0:01:16]} Rf6 {[%emt 0:00:42]} 63. Ra2 {[%emt 0:01:04]} Rb6 {[%emt 0:00:07]} 64. Re2 {[%emt 0:00:58]} Kf6 {[%emt 0:00:02]} 65. Kf2 {[%emt 0:00:30]} Rb3 {[%emt 0:00:09]} 66. Kg2 {[%emt 0:00:17]} Rb4 {[%emt 0:00:02]} 67. Ra2 {[%emt 0:00:47]} Ke5 {[%emt 0:00:07]} 68. Re2+ {[%emt 0:00:18]} Kd4 {[%emt 0:00:48]} 69. Kf2 {[%emt 0:02:07]} Rb3 {[%emt 0:00:20]} 70. Rd2+ {[%emt 0:00:41]} Rd3 {[%emt 0:00:05]} 71. Ra2 {[%emt 0:00:11]} Rf3+ {[%emt 0:00:23]} 72. Kg2 {[%emt 0:00:02]} Rc3 {[%emt 0:00:08]} 73. Rf2 {[%emt 0:01:28]} Rc5 {[%emt 0:00:17]} 74. Rf4+ {[%emt 0:01:02]} Ke3 {[%emt 0:00:10]} 75. Kg1 {[%emt 0:00:51]} Re5 {[%emt 0:04:52]} 76. Kg2 {[%emt 0:00:26]} Ke2 {[%emt 0:00:10]} 77. Rf2+ {[%emt 0:00:22]} Ke1 {[%emt 0:00:13]} 78. Rf1+ {[%emt 0:00:05]} Kd2 {[%emt 0:00:05]} 79. Rf4 {[%emt 0:00:24]} Ke2 {[%emt 0:01:28]} 80. Rf2+ {[%emt 0:00:21] Rd5 [%clk 0:05:33] Rf4 [%clk 0:02:27]} Ke3 {[%emt 0:00:00]} 81. Kg1 {[%emt 0:00:35]} Ra5 {[%emt 0:00:00] Rf2 [%clk 0:02:19]} 1/2-1/2

[Event "VII Lorca Open 2018"]
[Site "Lorca"]
[Date "2018.12.28"]
[Round "4"]
[White "Ramiro Ovejero, Juan Luis"]
[Black "Barrios Munoz, Antonio Oscar"]
[Result "1/2-1/2"]
[WhiteElo "2358"]
[BlackElo "2126"]
[Annotator "NA"]
[PlyCount "124"]
[EventDate "2018.12.26"]
[EventType "swiss"]
[EventCountry "ESP"]
[SourceTitle "playchess.com"]
[Source "ChessBase"]
[SourceQuality "1"]
[TimeControl "5400+30"]

1. e4 {[%emt 0:00:00]} d6 {[%emt 0:01:53]} 2. d4 {[%emt 0:00:00]} Nf6 {[%emt 0:01:28]} 3. Nc3 {[%emt 0:00:07]} Nbd7 {[%emt 0:01:48]} 4. g4 {[%emt 0:05:37]} h6 {[%emt 0:07:15]} 5. h3 {[%emt 0:00:41]} c6 {[%emt 0:03:00]} 6. a4 {[%emt 0:01:02]} e5 {[%emt 0:01:46]} 7. Nge2 {[%emt 0:03:35]} Be7 {[%emt 0:03:19]} 8. Bg2 {[%emt 0:00:55]} Qc7 {[%emt 0:06:58]} 9. O-O {[%emt 0:00:51]} g5 {[%emt 0:04:20]} 10. f4 {[%emt 0:19:43]} gxf4 {[%emt 0:05:42]} 11. Nxf4 {[%emt 0:00:38]} exf4 {[%emt 0:03:48]} 12. Bxf4 {[%emt 0:00:07]} a5 {[%emt 0:10:42]} 13. Qd2 {[%emt 0:04:26]} Qb6 {[%emt 0:10:49]} 14. Kh1 {[%emt 0:03:02]} Ng8 {[%emt 0:00:53]} 15. Rae1 {[%emt 0:02:53]} Nf8 {[%emt 0:02:28]} 16. e5 {[%emt 0:05:34]} d5 {[%emt 0:01:04]} 17. Nd1 {[%emt 0:06:44]} Ng6 {[%emt 0:01:53]} 18. Bg3 {[%emt 0:01:27]} Be6 {[%emt 0:03:29]} 19. Ne3 {[%emt 0:00:45]} Bg5 {[%emt 0:00:53]} 20. Qd3 {[%emt 0:02:07]} Bxe3 {[%emt 0:00:05]} 21. Rxe3 {[%emt 0:01:08]} Qxb2 {[%emt 0:10:02]} 22. Qd2 {[%emt 0:05:31]} Qb6 {[%emt 0:01:46]} 23. Rb3 {[%emt 0:00:46]} Qc7 {[%emt 0:00:19]} 24. Rfb1 {[%emt 0:03:14]} Ra7 {[%emt 0:01:01]} 25. Bf1 {[%emt 0:04:31]} N8e7 {[%emt 0:00:43]} 26. Rf3 {[%emt 0:00:52]} h5 {[%emt 0:01:33]} 27. g5 {[%emt 0:02:12]} h4 {[%emt 0:02:13]} 28. Bh2 {[%emt 0:00:16]} Qd7 {[%emt 0:00:34]} 29. Bd3 {[%emt 0:01:36]} Bxh3 {[%emt 0:06:13]} 30. e6 {[%emt 0:00:50]} Bxe6 {[%emt 0:00:27]} 31. Re1 {[%emt 0:02:18]} Kd8 {[%emt 0:01:33]} 32. Rf6 {[%emt 0:00:48]} Rg8 {[%emt 0:01:38]} 33. Qc3 {[%emt 0:04:31]} Nf8 {[%emt 0:00:55]} 34. Qc5 {[%emt 0:01:33]} Nc8 {[%emt 0:01:13]} 35. g6 {[%emt 0:01:04]} b6 {[%emt 0:01:43]} 36. gxf7 {[%emt 0:01:24]} Qxf7 {[%emt 0:01:12]} 37. Rxf7 {[%emt 0:04:12]} bxc5 {[%emt 0:00:06]} 38. Rxf8+ {[%emt 0:00:39]} Rxf8 {[%emt 0:00:04]} 39. Rxe6 {[%emt 0:00:04]} c4 {[%emt 0:00:56]} 40. Bg6 {[%emt 0:00:06]} Kd7 {[%emt 0:01:24]} 41. Re5 {[%emt 0:00:29]} Ne7 {[%emt 0:00:26]} 42. Bh5 {[%emt 0:00:05]} Rg8 {[%emt 0:00:30]} 43. Bf7 {[%emt 0:00:27]} Rg7 {[%emt 0:00:24]} 44. Be6+ {[%emt 0:00:06]} Ke8 {[%emt 0:00:43]} 45. Rh5 {[%emt 0:00:08]} Ng6 {[%emt 0:00:35]} 46. Bd6 {[%emt 0:01:29]} Rab7 {[%emt 0:00:29]} 47. Rf5 {[%emt 0:00:15]} Rb1+ {[%emt 0:00:25]} 48. Kh2 {[%emt 0:00:05]} Re1 {[%emt 0:00:22]} 49. Rf6 {[%emt 0:00:37]} Re2+ {[%emt 0:00:19]} 50. Kh3 {[%emt 0:00:14]} Re3+ {[%emt 0:00:38]} 51. Kh2 {[%emt 0:00:08]} Ne7 {[%emt 0:00:51]} 52. Rh6 {[%emt 0:00:39]} Rxe6 {[%emt 0:00:30]} 53. Rxe6 {[%emt 0:00:05]} Kd7 {[%emt 0:00:16]} 54. Rf6 {[%emt 0:00:06]} Rg4 {[%emt 0:00:46]} 55. Be5 {[%emt 0:03:17]} Re4 {[%emt 0:00:29]} 56. Rd6+ {[%emt 0:00:16]} Ke8 {[%emt 0:00:07]} 57. Kh3 {[%emt 0:01:03]} c5 {[%emt 0:00:23]} 58. c3 {[%emt 0:00:29]} cxd4 {[%emt 0:00:08]} 59. Bxd4 {[%emt 0:01:31]} Kf7 {[%emt 0:00:37]} 60. Rf6+ {[%emt 0:00:38]} Ke8 {[%emt 0:00:21]} 61. Rd6 {[%emt 0:01:32]} Kf7 {[%emt 0:00:42]} 62. Rf6+ {[%emt 0:00:04]} Ke8 {[%emt 0:00:06]} 1/2-1/2

[Event "VII Lorca Open 2018"]
[Site "Lorca"]
[Date "2018.12.28"]
[Round "4"]
[White "Orantes Taboada, Francisco"]
[Black "Tejedor Fuente, Enrique"]
[Result "1-0"]
[WhiteElo "2295"]
[BlackElo "2428"]
[Annotator "ChessBase"]
[PlyCount "113"]
[EventDate "2018.12.26"]
[EventType "swiss"]
[EventCountry "ESP"]
[SourceTitle "playchess.com"]
[Source "ChessBase"]
[SourceQuality "1"]
[TimeControl "5400+30"]

1. Nf3 {[%emt 0:00:00]} d5 {[%emt 0:01:56]} 2. g3 {[%emt 0:00:00]} Nf6 {[%emt 0:00:50]} 3. Bg2 {[%emt 0:00:00]} Nbd7 {[%emt 0:01:40]} 4. d4 {[%emt 0:00:00]} c5 {[%emt 0:01:38]} 5. O-O {[%emt 0:00:11]} cxd4 {[%emt 0:02:27]} 6. Qxd4 {[%emt 0:19:47]} e6 {[%emt 0:00:21]} 7. Nbd2 {[%emt 0:03:07]} Bc5 {[%emt 0:00:49]} 8. Qh4 {[%emt 0:15:22]} Be7 {[%emt 0:00:16]} 9. Qd4 {[%emt 0:04:51]} Bc5 {[%emt 0:12:14]} 10. Qh4 {[%emt 0:00:32]} O-O {[%emt 0:01:44]} 11. c4 {[%emt 0:02:08]} Be7 {[%emt 0:00:34]} 12. Qd4 {[%emt 0:00:20]} e5 {[%emt 0:03:08]} 13. Nxe5 {[%emt 0:04:48]} Bc5 {[%emt 0:00:43]} 14. Qf4 {[%emt 0:00:14]} Bd6 {[%emt 0:04:00]} 15. Nxf7 {[%emt 0:00:18]} Bxf4 {[%emt 0:00:01]} 16. Nxd8 {[%emt 0:00:08]} Bxd2 {[%emt 0:00:02]} 17. Ne6 {[%emt 0:01:56]} Nb6 {[%emt 0:27:04]} 18. Nxf8 {[%emt 0:02:28]} Bxc1 {[%emt 0:00:02]} 19. Raxc1 {[%emt 0:00:36]} dxc4 {[%emt 0:00:15]} 20. Nxh7 {[%emt 0:01:01]} Kxh7 {[%emt 0:00:14]} 21. Rfd1 {[%emt 0:01:31]} Be6 {[%emt 0:03:22]} 22. Bxb7 {[%emt 0:05:21]} Rb8 {[%emt 0:01:28]} 23. Bf3 {[%emt 0:00:21]} Na4 {[%emt 0:00:47]} 24. Rd6 {[%emt 0:01:20]} Rb6 {[%emt 0:02:24]} 25. Rxb6 {[%emt 0:03:57]} axb6 {[%emt 0:00:03]} 26. b3 {[%emt 0:01:22]} cxb3 {[%emt 0:00:19]} 27. axb3 {[%emt 0:00:22]} Bxb3 {[%emt 0:00:00]} 28. e4 {[%emt 0:01:57]} Nc5 {[%emt 0:03:12]} 29. Rb1 {[%emt 0:12:31]} Nfd7 {[%emt 0:08:34]} 30. Bd1 {[%emt 0:00:34]} Ba2 {[%emt 0:02:29]} 31. Rb4 {[%emt 0:09:14]} Bf7 {[%emt 0:00:07]} 32. f4 {[%emt 0:01:48]} Nd3 {[%emt 0:01:20]} 33. Rd4 {[%emt 0:00:20]} N7c5 {[%emt 0:00:00]} 34. Be2 {[%emt 0:00:49]} Nc1 {[%emt 0:00:17]} 35. Bb5 {[%emt 0:02:39]} N1b3 {[%emt 0:03:51]} 36. Rd6 {[%emt 0:00:41]} Nxe4 {[%emt 0:00:40]} 37. Rxb6 {[%emt 0:01:12]} Bg6 {[%emt 0:04:40]} 38. Bc6 {[%emt 0:01:06]} Nbd2 {[%emt 0:00:23]} 39. Kg2 {[%emt 0:01:39]} Nc4 {[%emt 0:00:43]} 40. Rb4 {[%emt 0:00:56]} Ned6 {[%emt 0:00:02]} 41. Kf2 {[%emt 0:01:02]} Bf7 {[%emt 0:04:33]} 42. g4 {[%emt 0:00:52]} Be6 {[%emt 0:02:42]} 43. f5 {[%emt 0:01:12]} Ne5 {[%emt 0:00:11]} 44. fxe6 {[%emt 0:00:36]} Nd3+ {[%emt 0:00:09]} 45. Ke3 {[%emt 0:00:25]} Nxb4 {[%emt 0:00:01]} 46. Kd4 {[%emt 0:00:53]} Nxc6+ {[%emt 0:04:20]} 47. Kd5 {[%emt 0:00:01]} Ne8 {[%emt 0:03:54]} 48. Kxc6 {[%emt 0:00:02]} Kg8 {[%emt 0:00:33]} 49. g5 {[%emt 0:00:29]} Kf8 {[%emt 0:00:56]} 50. Kd7 {[%emt 0:00:29]} g6 {[%emt 0:00:27]} 51. e7+ {[%emt 0:00:34]} Kf7 {[%emt 0:00:00]} 52. h3 {[%emt 0:00:09]} Ng7 {[%emt 0:02:50]} 53. h4 {[%emt 0:00:06]} Ne8 {[%emt 0:00:19]} 54. h5 {[%emt 0:00:04]} Ng7 {[%emt 0:00:55]} 55. h6 {[%emt 0:00:16]} Ne8 {[%emt 0:00:29]} 56. h7 {[%emt 0:00:13]} Nf6+ {[%emt 0:00:31]} 57. gxf6 {[%emt 0:00:08]} 1-0